Proṭoḳol mi-yeshivat ha-Ṿaʻad ha-menahel she-hitḳaymah be-yom ...

Saved in:
Bibliographic Details
Corporate Author: Israel. Rashut ha-shidur. Ṿaʻad ha-menahel.
Format: Serial
Language:Hebrew
Subjects:
Tags: Add Tag
No Tags, Be the first to tag this record!
LEADER 00782nas a22002177a 4500
001 014096736-2
005 20141006144958.0
008 140310c197u9999is heb d
035 |a (IsJeAIW)wb20149057847 
040 |a IsJeAIW  |c IsJeAIW 
110 1 |a Israel.  |b Rashut ha-shidur.  |b Ṿaʻad ha-menahel. 
245 1 0 |6 880-01  |a Proṭoḳol mi-yeshivat ha-Ṿaʻad ha-menahel she-hitḳaymah be-yom ... 
610 1 0 |a Israel.  |b Rashut ha-shidur  |v Periodicals. 
650 0 |a Broadcasting  |z Israel  |v Periodicals. 
752 |a Israel  |d Jerusalem. 
880 1 0 |6 245-01  |a פרוטוקול מישיבת הועד המנהל שהתקיימה ביום .... 
880 |6 260-00  |a ירושלים :  |b רשות השידור, 
899 |a 415_560320 
988 |a 20140616 
098 0 6 |a PHeb 304.1635 
906 |0 VEN